Countries where Taylor Swift has had concerts - Statistics

General Stats
  • This quiz has been taken 68 times
  • The average score is 23 of 28
Answer Stats
Hint Answer % Correct
15 France
100%
54 Canada
98%
25 Japan
98%
75 UK
98%
825 USA
98%
52 Australia
96%
8 Brazil
96%
15 Germany
94%
4 Italy
92%
5 Mexico
92%
4 Spain
92%
3 Argentina
89%
5 Netherlands
87%
3 Sweden
87%
7 New Zealand
85%
3 Portugal
85%
6 China
83%
8 Ireland
83%
2 Switzerland
83%
3 Poland
77%
1 Norway
75%
1 South korea
75%
1 Belgium
68%
2 Philippines
62%
11 Singapore
62%
1 Indonesia
60%
1 Malaysia
58%
1 Bahamas
38%
No matching quizzes found
Score Distribution
Percent of People with Each Score
Percentile by Number Answered
Your Score History
You have not taken this quiz